Les mots-valises - Statistiques

Statistiques générales
  • Ce quiz a été pris 659 fois
  • Le résultat moyen est 24 sur 36
Statistiques - réponses
Mot-valise Mots jumelés % Correct
Explosition Explosion
92%
Explosition Exposition
91%
Franglais Anglais
90%
Franglais Français
90%
Progiciel Logiciel
90%
Éléphapotame Éléphant
89%
Motel Hotel
88%
Adulescent Adolescent
87%
Éléphapotame Hippopotame
84%
Poissirène Poisson
84%
Pom'pote Pomme
83%
Ridicoculiser Ridicule
83%
Pom'pote Compote
82%
Informatique Information
82%
Courriel Courrier
81%
Poissirène Sirène
81%
Alicament Médicament
80%
Adulescent Adulte
78%
Clavarder Bavarder
78%
Merditerranée Méditerranée
76%
Animot Mot
73%
Animot Animal
72%
Alicament Aliment
66%
Ridicoculiser Cocu
65%
Foultitude Foule
62%
Fanzine Fan
56%
Merditerranée Merde
50%
Foultitude Multitude
43%
Fanzine Magazine
40%
Clavarder Clavier
39%
Démograture Démocratie
35%
Démograture Dictature
22%
Courriel Électronique
20%
Informatique Automatique
15%
Motel Motor
5%
Progiciel Produit
4%
Aucun quiz correspondant
Distribution des résultats
% des personnes avec chaque résultat
Percentile par nombre de réponses
Votre historique - résultats
Vous n’avez pas pris ce quiz